=LDR 00000nam 2200000 4500 =001 INLIS000000000017914 =005 20130612113117 =008 ***********************************Ind** =035 ##$$0010-061300000017914 =041 ##$$a Ind =082 ##$$a 616.898 2 =090 ##$$a 616.898 2, Dan t =100 ##$$a Danuatmaja, Bonang =245 ##$$a Terapi anak autis di rumah, Benny Danuatmaja =260 ##$$a 2003 $b Jakarta =300 ##$$a xii, 2004 hlm, ilus, 23 cm =650 ##$$a Autis-Terapi =850 ##$$a NBPNMAT =990 ##$$a 0001/BPAP-NTB/2015 =990 ##$$a 0001/BPAP-NTB/2016